| 000 | 01056nam a2200301 i 4500 | ||
|---|---|---|---|
| 003 | DO-SdBNP | ||
| 005 | 20260114124842.0 | ||
| 007 | ta | ||
| 008 | 090901s1990 dr 000 0 spa d | ||
| 040 |
_aDO-SdBNP _bspa _cBNPHU _erda |
||
| 082 | 4 | _222 | |
| 100 | 1 |
_aMaza Miquel, Manuel Pablo, _d1945- _918273 _eautor |
|
| 245 | 1 | 3 |
_aEl alma del negocio y el negocio del alma : _btestimonios sobre la iglesia y la sociedad en cuba 1878-1894 _cManuel Pablo Maza Miquel. |
| 264 |
_aSanto Domingo : _bPUCMM, _c1990. |
||
| 300 |
_a120 páginas ; _c21 cm. |
||
| 336 |
_2rdacontent _atexto _btxt |
||
| 337 |
_2rdamedia _asin mediación _bn |
||
| 338 |
_2rdacarrier _avolumen _bnc |
||
| 490 | _aEstudios | ||
| 500 | _aIncluye datos biográficos del autor en la solapa de la cubierta | ||
| 500 | _aIncluye refencias bibliográficas y notas al pie de las páginas | ||
| 500 | _aIncluye índice de personas, lugares y materias | ||
| 504 | _a99-102 | ||
| 590 | _aInventariado, 2024/BT | ||
| 650 | 0 |
_aMeditaciones _95988 |
|
| 910 | _aBtavárez | ||
| 942 |
_2ddc _cLBS1 |
||
| 999 |
_c55920 _d55920 |
||